| 000 | 00524nam a2200145Ia 4500 | ||
|---|---|---|---|
| 008 | 151213s9999 xx 000 0 und d | ||
| 100 | _aমোবারেক হোসেন খান। | ||
| 245 |
_aওস্তাদ আয়াত আলী খা। _cমোবারেক হোসেন খান। |
||
| 260 |
_aঢাকা। _bআগমনী। _c1994 |
||
| 300 | _a8704 p. | ||
| 650 | _aBangla | ||
| 650 | _aইতিহাস | ||
| 700 | _aমোবারেক হোসেন খান। | ||
| 999 |
_c4490 _d4490 |
||